00569cam a22001813a 450000100060000000300060000600500170001200800410002904000150007004200070008510000190009224501260011126000290023750600300026651600200029683000290031685600420034542210PGUSA20140828083943.0130226s2013||||xxu|||||s|||||000 | eng d aPGUSAbeng adc1 aBancroft, A.L.10aBancroft's Tourist's Guide Yosemite :bSan Francisco and around the Bay, (South.)h[electronic resource] /cA.L. Bancroft bProject Gutenberg,c2013 aPublic domain in the USA. aElectronic text 0aProject Gutenbergv4221040uhttp://www.gutenberg.org/ebooks/42210